000 00768cam a2200241 a 4500
001 000010023
005 20200929161815.0
008 751206s1948 pr ac 000 j spa
035 _a(DLC) 50029967
035 _a(OCoLC)1878888
040 _aDO-SdBNP
_cFMU
_dOCoLC
_dBNPHU
082 _a863.6
_bH557p
100 1 _aHernández Martínez, Miguel.
_924968
245 1 0 _aPanorama de la vida /
_cMiguel Hernández Martínez.
260 _aSanturce, (Puerto Rico) :,
_c[1948].
300 _a246 p. :
_bil., port. ;
_c20 cm.
590 _aUn ejemplar autografiado por el autor.
650 4 _aCuentos españoles
_93194
650 4 _aEnsayos españoles
_93095
650 4 _aLiteratura española
_ySIGLO XX
_93326
910 _aCatalogación por copia / LC
049 _aBNGR
999 _c9782
_d9782